FIFA World Cup 2026 - Iran Squad - Statistics

General Stats
  • This quiz has been taken 4 times
    2 since last reset
  • The average score is 6 of 27
Answer Stats
Team # Position Club/Country Player % Correct
Iran 7 RW FCV Dender EH Alireza Jahanbakhsh
100%
Iran 9 ST Olympiacos Piraeus Mehdi Taremi
100%
Iran 1 GK Tractor FC Alireza Beiranvand
50%
Iran 24 ST Standard Liège Dennis Eckert Ayensa
50%
Iran 3 LB Sepahan FC Ehsan Hajsafi
50%
Iran 5 LB Persepolis FC Milad Mohammadi
50%
Iran 23 RB Foolad FC Ramin Rezaeian
50%
Iran 6 DM Shabab Al-Ahli Club Saeed Ezatolahi
50%
Iran 14 AM Kalba FC Saman Ghoddos
50%
Iran 22 GK Sepahan FC Seyed Hossein Hosseini
50%
Iran 11 ST Persepolis FC Ali Alipour
0%
Iran 19 CB Foolad FC Ali Nemati
0%
Iran Manager Iran Amir Ghalenoei
0%
Iran 18 ST Tractor FC Amirhossein Hosseinzadeh
0%
Iran 26 CM Esteghlal FC Amirmohammad Razzaghinia
0%
Iran 17 RB Sepahan FC Arya Yousefi
0%
Iran 25 CB Malavan Bandar Anzali Danial Eiri
0%
Iran 13 CB Persepolis FC Hossein Kanaani
0%
Iran 10 LW Al-Nasr SC (UAE) Mehdi Ghayedi
0%
Iran 16 LW Tractor FC Mehdi Torabi
0%
Iran 21 DM Al-Wahda FC Mohammad Ghorbani
0%
Iran 8 LW FC Rostov Mohammad Mohebi
0%
Iran 12 GK Persepolis FC Payam Niazmand
0%
Iran 15 DM Esteghlal FC Roozbeh Cheshmi
0%
Iran 2 RB Esteghlal FC Saleh Hardani
0%
Iran 20 ST Kalba FC Shahriar Moghanlou
0%
Iran 4 CB Tractor FC Shoja Khalilzadeh
0%
No matching quizzes found
Score Distribution
Percent of People with Each Score
Percentile by Number Answered
Your Score History
You have not taken this quiz since the last reset